000 00709nam a2200289Ia 4500
005 20260324134207.0
008 008 260324s9999 xx 000 0 eng d
020 _a9780203442524
037 _aEBOOK
040 _aCRL
040 _beng
040 _cCRL
041 _2eng
041 _aeng
084 _qCRL
100 _aJudith Evans Grubbs
_91195922
245 0 _aWomen and the Law in the Roman Empire
245 2 _bA Sourcebook on Marriage, Divorce and Widowhood
260 _bTaylor and Francis
260 _c2002
365 _a
365 _b230
856 _uhttp://www.taylorfrancis.com/books/9780203442524
942 _cEBOOK
999 _c1795719
_d1795719